000 00729nam a22002177a 4500
005 20130902144624.0
010 _aENG-107889
020 _c345.00
_a9788180388576
035 _aEN-91422
037 _bDBAD/PUB
082 _a344.54
100 _aMajumdar, Arjya B.
245 0 0 _aEnvironment and wildlife laws in India /
_cby Arjya B. Majumdar, Debosmita Nandy [and] Swaymbhu Mukherjee
260 _aGurgaon
_bLexis Nexis
_c2013
270 _a14th Floor, Bldg. No.10, Tower-B, DLF Cyber City, Phase-II
_bGurgaon
_e122002
300 _axx,303p.
_c25cm(pbk)
500 _aIncludes bibliographical references
700 _aNandy, Debosmita
700 _aMukherjee, Swayambhu
942 _2ddc
_cEN
_mMAJ
_h344.54
999 _c77325
_d77325